[Event "8. LGA Premium Cup 2011"]
[Site "Nürnberg"]
[Date "2011.09.09"]
[Round "2.71"]
[White "Miller, Eduard"]
[Black "Thürauf, Peter"]
[Result "1-0"]
[WhiteElo "2134"]
[BlackElo "1854"]
[PlyCount "71"]
[EventDate "2011.??.??"]
[WhiteTeam "SC Forchheim e.V."]
[BlackTeam "SW Nürnberg Süd e.V."]

1. d4 d5 2. c4 c6 3. Nc3 Nf6 4. e3 e6 5. Bd2 Bd6 6. Rc1 Nbd7 7. cxd5 exd5 8.
Bd3 O-O 9. Nge2 Re8 10. f3 Nf8 11. O-O Ng6 12. Kh1 Bb8 13. e4 dxe4 14. fxe4 Ng4
15. g3 Nxh2 16. Kxh2 Qh4+ 17. Kg2 Qh3+ 18. Kf2 Qh2+ 19. Ke3 Qh6+ 20. Nf4 Qg5
21. Qf3 Bg4 22. Qf2 f5 23. Bc4+ Kh8 24. Kd3 fxe4+ 25. Nxe4 Nxf4+ 26. Bxf4 Qg6
27. Rce1 Bf5 28. Be5 Bxe4+ 29. Rxe4 Bxe5 30. dxe5 Rad8+ 31. Ke3 Qg5+ 32. Qf4
Qe7 33. Qh4 Qc5+ 34. Ke2 Qb4 35. Qxh7+ Kxh7 36. Rh4+ 1-0

[Event "8. LGA Premium Cup 2011"]
[Site "Nürnberg"]
[Date "2011.09.09"]
[Round "2.73"]
[White "Troyke, Doreen"]
[Black "Rausch, Wolfgang sr"]
[Result "1/2-1/2"]
[WhiteElo "2079"]
[BlackElo "1863"]
[PlyCount "45"]
[EventDate "2011.??.??"]
[WhiteTeam "Erfurter SK"]
[BlackTeam "SC Noris-Tarrasch Nürnberg 1873"]

1. g3 Nf6 2. Bg2 d5 3. Nf3 Nbd7 4. c4 e6 5. O-O Bd6 6. Nc3 c6 7. b3 O-O 8. Bb2
b6 9. d3 Bb7 10. Rc1 Rc8 11. Qd2 Qe7 12. Rfd1 Rfd8 13. e3 h6 14. Rc2 c5 15. Qc1
Bb8 16. Qa1 dxc4 17. dxc4 Bc6 18. Rcd2 Nf8 19. a4 a5 20. Nb5 Rxd2 21. Rxd2 Rd8
22. Qd1 Rxd2 23. Qxd2 1/2-1/2

[Event "8. LGA Premium Cup 2011"]
[Site "Nürnberg"]
[Date "2011.09.09"]
[Round "2.79"]
[White "Babichev, Vyacheslav"]
[Black "Zikeli, Saskia"]
[Result "0-1"]
[WhiteElo "1732"]
[BlackElo "2067"]
[PlyCount "62"]
[EventDate "2011.??.??"]
[WhiteTeam "SW Nürnberg Süd e.V."]
[BlackTeam "SC Ingersheim e.V."]

1. b3 e5 2. Bb2 Nc6 3. e3 d6 4. c4 g6 5. g3 Bg7 6. f4 Nge7 7. Bg2 O-O 8. a3 Nf5
9. fxe5 Nxe5 10. Qc2 Nd3+ 11. Qxd3 Bxb2 12. Ra2 Bg7 13. Nf3 Bd7 14. O-O h5 15.
e4 Ne7 16. Nc3 Nc6 17. Nh4 Ne5 18. Qb1 Qg5 19. Nd5 c6 20. Ne3 Rae8 21. Kh1 Ng4
22. Nf3 Qh6 23. Nxg4 hxg4 24. Ng1 Re5 25. Rf2 Rh5 26. Bf1 Bd4 27. Rg2 Kg7 28.
d3 Rh8 29. Qe1 Be6 30. Qb4 Qe3 31. Qd2 Rxh2+ 0-1

[Event "8. LGA Premium Cup 2011"]
[Site "Nürnberg"]
[Date "2011.09.09"]
[Round "2.80"]
[White "Seeger, Peter"]
[Black "Walter, Manfred"]
[Result "1/2-1/2"]
[WhiteElo "2079"]
[BlackElo "1721"]
[PlyCount "55"]
[EventDate "2011.??.??"]
[WhiteTeam "SC Noris-Tarrasch Nürnberg 1873"]
[BlackTeam "SV Lauf a.d.P."]

1. d4 d6 2. g3 e5 3. dxe5 dxe5 4. Qxd8+ Kxd8 5. Nf3 f6 6. Bg2 c6 7. O-O Bf5 8.
c3 Nd7 9. Nbd2 Nh6 10. Nc4 Nf7 11. Nfd2 Nd6 12. Nxd6 Bxd6 13. Ne4 Bc7 14. b3
Ke7 15. Ba3+ Ke6 16. Rfd1 Bxe4 17. Bxe4 Rad8 18. Bg2 Nb6 19. e4 Bd6 20. Bh3+
Ke7 21. Rxd6 Rxd6 22. c4 Na8 23. Rd1 Rhd8 24. Kf1 b6 25. Rxd6 Rxd6 26. c5 bxc5
27. Bxc5 Nc7 28. Ke2 1/2-1/2

[Event "8. LGA Premium Cup 2011"]
[Site "Nürnberg"]
[Date "2011.09.09"]
[Round "2.81"]
[White "Steinmüller, Alexander"]
[Black "Schweisgut, Jens"]
[Result "1-0"]
[WhiteElo "1952"]
[BlackElo "1662"]
[PlyCount "41"]
[EventDate "2011.??.??"]
[WhiteTeam "SV Puschendorf 1949 e.V."]
[BlackTeam "SV Alsfeld"]

1. e4 d5 2. exd5 Nf6 3. d4 Nxd5 4. Nf3 Bg4 5. Be2 Nc6 6. O-O e6 7. c3 Be7 8.
Nbd2 O-O 9. Nc4 Bxf3 10. Bxf3 Rb8 11. Re1 Bg5 12. g3 Bxc1 13. Rxc1 Qd7 14. b4
b5 15. Nd2 f5 16. Nb3 Rbe8 17. Nc5 Qf7 18. Qb3 Nd8 19. Nxe6 Rxe6 20. Bxd5 Rfe8
21. Rxe6 1-0

[Event "8. LGA Premium Cup 2011"]
[Site "Nürnberg"]
[Date "2011.09.09"]
[Round "2.82"]
[White "Hörmann, Gunther"]
[Black "Siegl, Adrian"]
[Result "1-0"]
[WhiteElo "2025"]
[BlackElo "1558"]
[PlyCount "69"]
[EventDate "2011.??.??"]
[WhiteTeam "TSV Cadolzburg e.V."]
[BlackTeam "SW Nürnberg Süd e.V."]

1. e4 c5 2. Nf3 Nc6 3. Bb5 e6 4. Bxc6 bxc6 5. d3 g6 6. O-O Bg7 7. Nc3 Rb8 8. e5
Ne7 9. Ne4 O-O 10. Nxc5 Rb5 11. d4 d6 12. exd6 Qxd6 13. c3 Rd8 14. Qe2 Nd5 15.
c4 Bxd4 16. Ne4 Nf4 17. Bxf4 Rxb2 18. Nxd6 Rxe2 19. Nxd4 e5 20. Nxe2 exf4 21.
Nxc8 Rxc8 22. Nxf4 c5 23. Nd5 Kg7 24. Rfe1 a5 25. Re7 Rb8 26. g4 a4 27. g5 a3
28. Ra7 h5 29. Re1 h4 30. h3 Kg8 31. Ree7 Kh8 32. Rxf7 Re8 33. Rh7+ Kg8 34.
Nf6+ Kf8 35. Rhf7# 1-0

[Event "8. LGA Premium Cup 2011"]
[Site "Nürnberg"]
[Date "2011.09.09"]
[Round "2.83"]
[White "Hirschberg, Leander"]
[Black "Lange, Carsten"]
[Result "1/2-1/2"]
[WhiteElo "1745"]
[BlackElo "1886"]
[PlyCount "51"]
[EventDate "2011.??.??"]
[WhiteTeam "SV Pfinztal e. V."]
[BlackTeam "SK Zirndorf e.V."]

1. e4 c5 2. c3 Qa5 3. Nf3 Nc6 4. h3 Nf6 5. e5 Nd5 6. Be2 d6 7. exd6 e6 8. O-O
Bxd6 9. d4 cxd4 10. Nxd4 Nxd4 11. Qxd4 O-O 12. Nd2 e5 13. Qd3 Nf4 14. Nc4 Nxd3
15. Nxa5 Nxc1 16. Raxc1 Bc7 17. Nc4 Be6 18. a3 Rad8 19. Rcd1 f6 20. Ne3 Bb3 21.
Bc4+ Bxc4 22. Nxc4 Kf7 23. f3 b5 24. Ne3 Bb6 25. Kf2 Ke6 26. Ke2 1/2-1/2

[Event "8. LGA Premium Cup 2011"]
[Site "Nürnberg"]
[Date "2011.09.09"]
[Round "2.84"]
[White "Seidel, Michael"]
[Black "Pfadenhauer, Tobias"]
[Result "1/2-1/2"]
[WhiteElo "1925"]
[BlackElo "1749"]
[PlyCount "44"]
[EventDate "2011.??.??"]
[WhiteTeam "PTSV SK Hof 1892"]
[BlackTeam "Kronacher SK 1882 e.V."]

1. e4 e6 2. d4 d5 3. e5 c5 4. Nf3 Nc6 5. Bd3 cxd4 6. O-O Nge7 7. Bf4 Ng6 8. Bg3
Be7 9. a3 O-O 10. b4 a6 11. Nbd2 f5 12. exf6 gxf6 13. Bxg6 hxg6 14. Nh4 Qe8 15.
f4 Kg7 16. Qe2 Bd6 17. Rae1 Bb8 18. Nb3 Ba7 19. Kh1 Bd7 20. Qd3 Qf7 21. Nf3
Rac8 22. Bf2 Rfe8 1/2-1/2

[Event "8. LGA Premium Cup 2011"]
[Site "Nürnberg"]
[Date "2011.09.09"]
[Round "2.85"]
[White "Reichel, Günther"]
[Black "Fiedler, Wolfgang"]
[Result "0-1"]
[WhiteElo "1534"]
[BlackElo "1959"]
[PlyCount "52"]
[EventDate "2011.??.??"]
[WhiteTeam "SC-SF 1957 Stockstadt"]
[BlackTeam "SC Forchheim e.V."]

1. f4 g6 2. Nf3 Bg7 3. e3 c5 4. Be2 Nc6 5. c4 d6 6. Nc3 e5 7. fxe5 dxe5 8. O-O
f5 9. d3 Nh6 10. Rb1 Nf7 11. a3 O-O 12. Qc2 g5 13. b4 b6 14. Nd2 cxb4 15. axb4
g4 16. b5 Ne7 17. Nb3 Ng6 18. Nd5 Be6 19. Ba3 Re8 20. Nb4 f4 21. Nc6 Qh4 22.
exf4 exf4 23. Nbd4 Bd7 24. Bc1 f3 25. gxf3 g3 26. Bd1 Bxd4+ 0-1

[Event "8. LGA Premium Cup 2011"]
[Site "Nürnberg"]
[Date "2011.09.09"]
[Round "2.86"]
[White "Karasek, Christian"]
[Black "Heinz, Friedrich"]
[Result "1-0"]
[WhiteElo "2038"]
[BlackElo "1722"]
[PlyCount "45"]
[EventDate "2011.??.??"]
[WhiteTeam "SC Noris-Tarrasch Nürnberg 1873"]
[BlackTeam "SV Alsfeld"]

1. e4 c5 2. Nf3 Nc6 3. d4 cxd4 4. Nxd4 e5 5. Nb5 d6 6. c4 a6 7. N5a3 Nf6 8. Nc3
Be7 9. Be2 O-O 10. Nc2 Bd7 11. O-O h6 12. Kh1 Rc8 13. f3 Nh7 14. Nd5 Bg5 15. b4
f5 16. Ba3 Be6 17. b5 Nd4 18. Nxd4 exd4 19. Qxd4 Kh8 20. f4 Bf6 21. e5 dxe5 22.
fxe5 Bxd5 23. cxd5 1-0

[Event "8. LGA Premium Cup 2011"]
[Site "Nürnberg"]
[Date "2011.09.09"]
[Round "2.87"]
[White "Krawczyk, Harald"]
[Black "Ter-Akopyan, Bagrat"]
[Result "0-1"]
[WhiteElo "1526"]
[BlackElo "2023"]
[PlyCount "60"]
[EventDate "2011.??.??"]
[WhiteTeam "SV Rot-Weiß Neuenhagen"]
[BlackTeam "SV Puschendorf 1949 e.V."]

1. d4 g6 2. c4 Bg7 3. Nc3 d6 4. Nf3 Nc6 5. e3 e5 6. dxe5 Nxe5 7. Nxe5 Bxe5 8.
Bd2 Ne7 9. Bd3 Be6 10. Qc2 c6 11. e4 Bg7 12. O-O-O O-O 13. Ne2 b5 14. b3 a5 15.
Bc3 a4 16. Bxg7 Kxg7 17. Qb2+ f6 18. Nd4 Bf7 19. f4 axb3 20. Qxb3 bxc4 21. Bxc4
d5 22. exd5 cxd5 23. Bd3 Qc7+ 24. Bc2 Qxf4+ 25. Rd2 Rfb8 26. Qd3 Rxa2 27. Nb3
d4 28. Rf1 Rxc2+ 29. Kxc2 Bxb3+ 30. Kc1 Qc7+ 0-1

[Event "8. LGA Premium Cup 2011"]
[Site "Nürnberg"]
[Date "2011.09.09"]
[Round "2.89"]
[White "Reimold, Jonas"]
[Black "Siegl, Melina"]
[Result "1/2-1/2"]
[WhiteElo "1942"]
[BlackElo "1625"]
[PlyCount "48"]
[EventDate "2011.??.??"]
[WhiteTeam "SC Eppingen"]
[BlackTeam "SW Nürnberg Süd e.V."]

1. e4 c5 2. c3 g6 3. d4 cxd4 4. cxd4 d5 5. e5 Nh6 6. Nf3 Bg4 7. Be2 Nc6 8. Be3
Nf5 9. Nc3 e6 10. Qd2 h6 11. O-O Bg7 12. h3 Bxf3 13. Bxf3 O-O 14. Bd1 a6 15.
Rc1 Na5 16. b3 b5 17. Bc2 Kh7 18. Ne2 f6 19. exf6 Rxf6 20. Bf4 Rf7 21. Qd3 Nc6
22. Be3 Qb6 23. Rfd1 Raf8 24. a3 a5 1/2-1/2

[Event "8. LGA Premium Cup 2011"]
[Site "Nürnberg"]
[Date "2011.09.09"]
[Round "3.1"]
[White "Hirneise, Tobias"]
[Black "Baramidze, David"]
[Result "0-1"]
[WhiteElo "2446"]
[BlackElo "2595"]
[PlyCount "84"]
[EventDate "2011.??.??"]
[WhiteTeam "SV Wattenscheid 1930"]
[BlackTeam "SV Hockenheim"]

1. e4 e5 2. Nf3 Nc6 3. Bb5 a6 4. Ba4 Nf6 5. O-O Be7 6. Re1 b5 7. Bb3 d6 8. c3
O-O 9. h3 Nb8 10. d4 Nbd7 11. Nbd2 Bb7 12. Bc2 Re8 13. Nf1 Bf8 14. Ng3 g6 15.
a4 c5 16. d5 c4 17. Be3 Nc5 18. Qd2 Nfd7 19. Bg5 Be7 20. Bxe7 Qxe7 21. Qh6 Qf8
22. Qg5 h6 23. Qd2 Nb6 24. axb5 axb5 25. h4 Kh7 26. h5 Rxa1 27. Rxa1 Ra8 28.
Rf1 Qe7 29. Ne2 Ra2 30. Bb1 Ra1 31. hxg6+ fxg6 32. Nh2 Rxb1 33. Rxb1 Nxe4 34.
Qe3 Nc5 35. Ng4 Qf8 36. Ng3 Nxd5 37. Qd2 h5 38. Ne3 Nf4 39. Rd1 Nfd3 40. f3 Qf4
41. Ne2 Qh6 42. Nc1 Nxc1 0-1

[Event "8. LGA Premium Cup 2011"]
[Site "Nürnberg"]
[Date "2011.09.09"]
[Round "3.2"]
[White "Ftacnik, Lubomir"]
[Black "Mihok, Oliver"]
[Result "0-1"]
[WhiteElo "2564"]
[BlackElo "2431"]
[PlyCount "68"]
[EventDate "2011.??.??"]
[WhiteTeam "Hamburger SK von 1830 eV"]
[BlackTeam "Sfrd. Berlin 1903 e.V."]

1. Nf3 c5 2. c4 Nc6 3. d4 cxd4 4. Nxd4 e6 5. g3 Qb6 6. Nb3 Ne5 7. e4 Nf6 8. Qe2
Bb4+ 9. Bd2 Bxd2+ 10. N1xd2 d6 11. Bg2 O-O 12. O-O a5 13. c5 dxc5 14. Qe3 a4
15. Nxc5 Ra5 16. Rac1 Nfd7 17. Nxd7 Qxe3 18. fxe3 Bxd7 19. Nf3 Nxf3+ 20. Bxf3
Bc6 21. Rfd1 g5 22. Rc4 Kg7 23. Kf2 Re5 24. Bg2 Ra8 25. Rdd4 Raa5 26. Ke1 Rab5
27. Rd2 Rbc5 28. Rxc5 Rxc5 29. Kd1 Kf6 30. Rf2+ Ke7 31. Rd2 h6 32. Bh1 a3 33.
b4 Rc3 34. Rc2 Ba4 0-1

[Event "8. LGA Premium Cup 2011"]
[Site "Nürnberg"]
[Date "2011.09.09"]
[Round "3.3"]
[White "Olszewski, Michal"]
[Black "Bernadskiy, Vitaliy"]
[Result "1/2-1/2"]
[WhiteElo "2516"]
[BlackElo "2439"]
[PlyCount "127"]
[EventDate "2011.??.??"]
[WhiteTeam "DJK Aufwärts St. Josef Aachen 19"]

1. d4 c5 2. d5 d6 3. c4 g6 4. Nc3 Bg7 5. e4 e6 6. Nf3 Ne7 7. Bg5 h6 8. Be3 e5
9. Nd2 f5 10. f3 O-O 11. Be2 Na6 12. a3 Kh8 13. Rb1 Ng8 14. b4 b6 15. O-O f4
16. Bf2 h5 17. Qa4 g5 18. Rfd1 g4 19. Nf1 Rf7 20. bxc5 Nxc5 21. Bxc5 dxc5 22.
d6 Bd7 23. Qb3 Qg5 24. a4 Nf6 25. a5 h4 26. axb6 axb6 27. fxg4 Nxg4 28. Nd5 f3
29. Bxf3 Ba4 30. Qd3 Bxd1 31. Rxd1 Nf6 32. Nxb6 Raf8 33. Qe3 Nxe4 34. d7 Rf4
35. Nd5 Rxf3 36. Qxg5 Nxg5 37. gxf3 Rd8 38. Nb6 Nxf3+ 39. Kf2 e4 40. Ke3 Ng5
41. Rd5 Bh6 42. Kf4 Rf8+ 43. Ke5 Kh7 44. Ne3 Rf3 45. Nf5 e3 46. Nxh6 e2 47.
d8=Q e1=Q+ 48. Kd6 Rf6+ 49. Qxf6 Ne4+ 50. Ke6 Nxf6+ 51. Re5 Qb1 52. Kxf6 Kxh6
53. Nd5 Qf1+ 54. Rf5 Qxc4 55. Nf4 Qd4+ 56. Kf7 Qd7+ 57. Kf6 Qe8 58. Ne6 Qg6+
59. Ke5 Qe8 60. Rf6+ Kh7 61. Rf7+ Kh6 62. Rf6+ Kh7 63. Rf7+ Kh6 64. Rf6+
1/2-1/2

[Event "8. LGA Premium Cup 2011"]
[Site "Nürnberg"]
[Date "2011.09.09"]
[Round "3.4"]
[White "Renner, Christoph"]
[Black "Sanikidze, Tornike"]
[Result "0-1"]
[WhiteElo "2405"]
[BlackElo "2512"]
[PlyCount "68"]
[EventDate "2011.??.??"]
[WhiteTeam "FC Bayern München e.V."]
[BlackTeam "SG Trier"]

1. e4 e5 2. Nf3 Nc6 3. Bc4 Nf6 4. d3 Be7 5. Nc3 d6 6. h3 Na5 7. Be3 Nxc4 8.
dxc4 c6 9. Qe2 Qc7 10. Nh2 Be6 11. Ng4 Nd7 12. O-O h5 13. Nh2 f6 14. Rfd1 g6
15. a4 a5 16. b3 O-O-O 17. Rd2 g5 18. f3 Rdg8 19. Nd1 f5 20. exf5 Bxf5 21. Nf2
Nf6 22. Rf1 Bf8 23. Qd1 g4 24. fxg4 hxg4 25. hxg4 Qh7 26. Nh3 Nxg4 27. Nxg4
Rxg4 28. Qf3 Bd7 29. Bb6 Be7 30. c5 d5 31. Rdf2 Be6 32. Qe3 Qxh3 33. Rf8+ Bxf8
34. Rxf8+ Kd7 0-1

[Event "8. LGA Premium Cup 2011"]
[Site "Nürnberg"]
[Date "2011.09.09"]
[Round "3.5"]
[White "Köpke, Christian"]
[Black "Milov, Leonid"]
[Result "1-0"]
[WhiteElo "2319"]
[BlackElo "2454"]
[PlyCount "55"]
[EventDate "2011.??.??"]
[WhiteTeam "SC Tarrasch 45 München"]
[BlackTeam "SC Noris-Tarrasch Nürnberg 1873"]

1. e4 c5 2. Nf3 e6 3. d4 cxd4 4. Nxd4 Nc6 5. Nc3 Qc7 6. Be3 a6 7. Be2 b5 8.
Nxc6 Qxc6 9. e5 Bb7 10. Bf3 Qc7 11. O-O Bxf3 12. Qxf3 Rc8 13. Bf4 Ne7 14. Rad1
Ng6 15. Rfe1 Be7 16. Re2 O-O 17. Bg3 b4 18. Ne4 Qa5 19. a3 bxa3 20. bxa3 Rc6
21. h4 Bxh4 22. Bxh4 Nxh4 23. Qh5 Ng6 24. Re3 h6 25. Nf6+ Kh8 26. Rxd7 Rc3 27.
Rxf7 Rxe3 28. Qxh6+ 1-0

[Event "8. LGA Premium Cup 2011"]
[Site "Nürnberg"]
[Date "2011.09.09"]
[Round "3.6"]
[White "Hoffmann, Michael"]
[Black "Breutigam, Martin"]
[Result "1/2-1/2"]
[WhiteElo "2463"]
[BlackElo "2338"]
[PlyCount "65"]
[EventDate "2011.??.??"]
[WhiteTeam "SG Solingen e.V."]
[BlackTeam "SK Union Oldenburg"]

1. d4 d5 2. c4 c6 3. Nf3 Nf6 4. Nc3 Qb6 5. e3 Bg4 6. h3 Bxf3 7. Qxf3 e6 8. Bd3
Nbd7 9. O-O Be7 10. Rd1 O-O 11. Qe2 Rfe8 12. Qc2 Red8 13. Bd2 Bf8 14. c5 Qc7
15. b4 e5 16. b5 g6 17. bxc6 bxc6 18. Rab1 Bg7 19. Qa4 Nf8 20. Ne2 Rdb8 21. Rb3
Ne6 22. Rdb1 Nd7 23. Ba5 Qc8 24. Rxb8 Rxb8 25. Rxb8 Nxb8 26. Bc3 Qb7 27. Qb3
Qxb3 28. axb3 exd4 29. exd4 Kf8 30. f4 Nc7 31. Kf2 Nb5 32. Ke3 a6 33. g4
1/2-1/2

[Event "8. LGA Premium Cup 2011"]
[Site "Nürnberg"]
[Date "2011.09.09"]
[Round "3.8"]
[White "Mainka, Romuald"]
[Black "Klein, David"]
[Result "1-0"]
[WhiteElo "2442"]
[BlackElo "2339"]
[PlyCount "89"]
[EventDate "2011.??.??"]
[WhiteTeam "SC Hansa Dortmund e.V."]
[BlackTeam "Hamburger SK von 1830 eV"]

1. e4 c5 2. Ne2 d6 3. g3 Nf6 4. Bg2 g6 5. O-O Bg7 6. c3 O-O 7. d4 Nc6 8. Na3
Qa5 9. Nc4 Qa6 10. Ne3 Bg4 11. Nxg4 Nxg4 12. h3 Nf6 13. Be3 cxd4 14. cxd4 Rac8
15. a3 Rc7 16. Re1 Rfc8 17. Nc3 b6 18. Rc1 e5 19. Bf1 Qb7 20. Nb5 Rd7 21. d5
Ne7 22. Rxc8+ Nxc8 23. Qa4 a6 24. Nc3 b5 25. Qb4 Nb6 26. Rc1 Nc4 27. Bg5 h5 28.
Bxc4 bxc4 29. Qxb7 Rxb7 30. Bxf6 Bxf6 31. Na4 h4 32. Rxc4 Bg5 33. g4 f5 34.
exf5 gxf5 35. gxf5 Kf7 36. Rc6 Kf6 37. Rxd6+ Kxf5 38. Rxa6 Kf4 39. Nc5 Rb5 40.
b4 Kf3 41. d6 Rb8 42. d7 Rg8 43. Kf1 Bf4 44. Rd6 Bh2 45. Rd3+ 1-0

[Event "8. LGA Premium Cup 2011"]
[Site "Nürnberg"]
[Date "2011.09.09"]
[Round "3.10"]
[White "Schneider, Ilja"]
[Black "Levushkina, Elena"]
[Result "1-0"]
[WhiteElo "2417"]
[BlackElo "2309"]
[PlyCount "139"]
[EventDate "2011.??.??"]
[WhiteTeam "Sfrd. Berlin 1903 e.V."]
[BlackTeam "SC Tarrasch 45 München"]

1. e4 e5 2. Nf3 Nf6 3. Nc3 Nc6 4. a3 d5 5. Bb5 Nxe4 6. Nxe5 Qg5 7. Nxc6 Qxg2 8.
Rf1 a6 9. Nxd5 axb5 10. Nxc7+ Kd7 11. Nxa8 Kxc6 12. Qe2 Bc5 13. d4 Bxd4 14. a4
Nd6 15. axb5+ Kd7 16. c3 Re8 17. Be3 Bc5 18. b4 Bxe3 19. fxe3 Qxe2+ 20. Kxe2
Kd8 21. Rg1 Bd7 22. Rxg7 Bxb5+ 23. Kf2 Ne4+ 24. Kg1 Nxc3 25. e4 Rxe4 26. Rxf7
Rxb4 27. Nc7 Bd7 28. Ne6+ Bxe6 29. Ra8+ Bc8 30. Rf8+ Ke7 31. Rfxc8 Nd5 32. Re8+
Kf7 33. Rf8+ Kg7 34. Rg8+ Kf7 35. Raf8+ Ke7 36. Re8+ Kf7 37. Rgf8+ Kg7 38. Rf5
Rb1+ 39. Kg2 Rb2+ 40. Kg3 Rb3+ 41. Rf3 Rb6 42. Re5 Nf6 43. Ree3 Kg6 44. Rb3 Rc6
45. Rxb7 Ra6 46. Rfb3 Ra4 47. Kg2 Ra2+ 48. Kh3 Ne4 49. Re3 Ng5+ 50. Kg3 Ra4 51.
Rbe7 h5 52. h3 Rb4 53. Re2 Rb3+ 54. R7e3 Rb4 55. Ra3 Ne4+ 56. Kf3 Ng5+ 57. Kg2
Ne4 58. Ra5 Ng5 59. Ra6+ Kg7 60. Re7+ Nf7 61. Raa7 Rf4 62. Kg3 Rf5 63. Re4 Kg6
64. Rf4 Nd6 65. Rxf5 Nxf5+ 66. Kf4 Ng7 67. Ra6+ Kf7 68. Kg5 h4 69. Ra7+ Kf8 70.
Kxh4 1-0

[Event "8. LGA Premium Cup 2011"]
[Site "Nürnberg"]
[Date "2011.09.09"]
[Round "3.11"]
[White "Nuber, Korbinian"]
[Black "Siebrecht, Sebastian"]
[Result "1-0"]
[WhiteElo "2297"]
[BlackElo "2459"]
[PlyCount "105"]
[EventDate "2011.??.??"]
[WhiteTeam "SC Dillingen"]
[BlackTeam "Sportfreunde Katernberg 1913 e.V"]

1. e4 c5 2. Nc3 e6 3. Nf3 a6 4. a4 Nc6 5. g3 Nf6 6. Bg2 Be7 7. O-O d6 8. d3 Rb8
9. h3 b5 10. axb5 axb5 11. Be3 Bd7 12. Nh2 Nd4 13. f4 b4 14. Ne2 e5 15. c3
Nxe2+ 16. Qxe2 bxc3 17. bxc3 Bc6 18. Nf3 exf4 19. gxf4 O-O 20. c4 Nd7 21. Qc2
Bf6 22. Rab1 Qa5 23. Rxb8 Rxb8 24. Rb1 Rxb1+ 25. Qxb1 Bc3 26. Kf2 g6 27. Ke2
Kg7 28. h4 Nf6 29. Bh3 h5 30. Bd2 Ba4 31. Qb2 Bxd2 32. Nxd2 Qb4 33. Qa1 Bc2 34.
e5 dxe5 35. fxe5 Ng4 36. Bxg4 hxg4 37. e6+ Kf8 38. Qf6 Qb7 39. Ne4 Kg8 40. Qd8+
Kg7 41. e7 Bxd3+ 42. Kxd3 Qb1+ 43. Kd2 Qb2+ 44. Ke3 Qc1+ 45. Nd2 Qc3+ 46. Kf2
g3+ 47. Kg2 Qe3 48. Qf8+ Kf6 49. e8=N+ Ke6 50. Qd6+ Kf5 51. Qd5+ Kg4 52. Nf6+
Kxh4 53. Nf3+ 1-0

[Event "8. LGA Premium Cup 2011"]
[Site "Nürnberg"]
[Date "2011.09.09"]
[Round "3.12"]
[White "Tischbierek, Raj"]
[Black "Wagner, Dennis"]
[Result "1/2-1/2"]
[WhiteElo "2442"]
[BlackElo "2302"]
[PlyCount "78"]
[EventDate "2011.??.??"]
[WhiteTeam "USV TU Dresden"]
[BlackTeam "Kasseler SK 1876"]

1. e4 c5 2. Nf3 e6 3. c4 Nc6 4. Nc3 Nd4 5. Nxd4 cxd4 6. Ne2 e5 7. g3 g6 8. Bg2
Bg7 9. O-O Ne7 10. f4 d6 11. Qa4+ Bd7 12. Qa3 Qc7 13. d3 h5 14. h3 b6 15. f5
Ng8 16. Bd2 Bc6 17. b4 Bh6 18. fxg6 fxg6 19. Bxh6 Rxh6 20. c5 g5 21. Qb3 Nf6
22. cxb6 axb6 23. Rac1 Qd7 24. Rxc6 Qxc6 25. Qe6+ Kd8 26. Rxf6 Rxf6 27. Qxf6+
Kc7 28. Qf7+ Qd7 29. Qc4+ Qc6 30. Qf7+ Qd7 31. Qxh5 Rxa2 32. Bf3 Qa4 33. Qf7+
Kb8 34. Bg4 Ra1+ 35. Kg2 Qd1 36. Qe8+ Ka7 37. Qd7+ Ka8 38. Qd8+ Ka7 39. Qc7+
Ka8 1/2-1/2

[Event "8. LGA Premium Cup 2011"]
[Site "Nürnberg"]
[Date "2011.09.09"]
[Round "3.13"]
[White "Steinbacher, Matthias"]
[Black "Braun, Arik"]
[Result "0-1"]
[WhiteElo "2182"]
[BlackElo "2557"]
[PlyCount "64"]
[EventDate "2011.??.??"]
[WhiteTeam "SF Gerresheim 86 e.V."]
[BlackTeam "SC Eppingen"]

1. Nc3 d5 2. d4 Nf6 3. Bg5 e6 4. e4 Be7 5. Bxf6 Bxf6 6. Nf3 O-O 7. Qd2 c5 8.
exd5 exd5 9. dxc5 Qe7+ 10. Be2 Qxc5 11. O-O-O Bxc3 12. Qxc3 Qxf2 13. Nd4 Nc6
14. Bf3 Be6 15. Rd2 Qh4 16. Nxc6 bxc6 17. Qxc6 Rfc8 18. Qd6 Rd8 19. Qe5 Qc4 20.
Kb1 Rac8 21. Qd4 Qc7 22. Ka1 Bf5 23. h4 Be4 24. h5 h6 25. Bg4 f5 26. Bd1 Qb8
27. Rh3 Rc4 28. Qf2 d4 29. Be2 Rb4 30. Rb3 Qe5 31. Bd3 Rb6 32. Re2 Kh8 0-1

[Event "8. LGA Premium Cup 2011"]
[Site "Nürnberg"]
[Date "2011.09.09"]
[Round "3.14"]
[White "Kunin, Vitaly"]
[Black "Espig, Lutz"]
[Result "1/2-1/2"]
[WhiteElo "2581"]
[BlackElo "2285"]
[PlyCount "70"]
[EventDate "2011.??.??"]
[WhiteTeam "Freibauer Mörlenbach-Birkenau"]
[BlackTeam "SK König Plauen"]

1. d4 Nf6 2. c4 d6 3. Nc3 Nbd7 4. g3 e5 5. Nf3 g6 6. Bg2 Bg7 7. O-O O-O 8. Qc2
exd4 9. Nxd4 Nb6 10. b3 c5 11. Nf3 Bf5 12. Qd2 d5 13. Bb2 dxc4 14. Rfd1 Qxd2
15. Nxd2 Nfd5 16. Rac1 Nb4 17. Bxb7 Rab8 18. Be4 Nxa2 19. Nxa2 Bxb2 20. Rc2
cxb3 21. Rxb2 Bxe4 22. Nxe4 Na4 23. Rbd2 bxa2 24. Rxa2 Rb4 25. Rda1 Rxe4 26.
Rxa4 Rxe2 27. Rc4 Rc8 28. Rxa7 Kf8 29. Rd7 Re5 30. Kg2 Ke8 31. Rd2 Ke7 32. f4
Re6 33. Rd5 Rec6 34. f5 Kf6 35. g4 g5 1/2-1/2

[Event "8. LGA Premium Cup 2011"]
[Site "Nürnberg"]
[Date "2011.09.09"]
[Round "3.15"]
[White "Schramm, Christian"]
[Black "Ikonnikov, Vyacheslav"]
[Result "1-0"]
[WhiteElo "2297"]
[BlackElo "2492"]
[PlyCount "77"]
[EventDate "2011.??.??"]
[WhiteTeam "SC 1959 Obernau"]
[BlackTeam "SF Bad Mergentheim"]

1. e4 c5 2. Nf3 Nc6 3. d4 cxd4 4. Nxd4 e5 5. Nb5 d6 6. a4 Be6 7. N1c3 a6 8. Na3
Rc8 9. Nc4 Nb4 10. Ne3 Nf6 11. Be2 Be7 12. O-O O-O 13. Bf3 h6 14. g3 Qa5 15.
Kg2 Rfd8 16. Ncd5 Nbxd5 17. exd5 Bd7 18. Qd3 Re8 19. Bd2 Qc7 20. Rfc1 Bf8 21.
Be2 Nh7 22. c4 a5 23. f4 exf4 24. gxf4 Be7 25. Rg1 Bf6 26. b3 Re7 27. Rae1 Rce8
28. Ng4 Bh4 29. Nxh6+ gxh6 30. Kh1+ Kh8 31. Bc3+ f6 32. Qg6 Rf8 33. Bd3 Qd8 34.
Rxe7 Qxe7 35. Qxh6 Bf2 36. Rg2 Be3 37. Bxh7 Bxf4 38. Qxf4 Bh3 39. Rg3 1-0

[Event "8. LGA Premium Cup 2011"]
[Site "Nürnberg"]
[Date "2011.09.09"]
[Round "3.16"]
[White "Bischoff, Klaus"]
[Black "Heinzel, Olaf"]
[Result "1/2-1/2"]
[WhiteElo "2528"]
[BlackElo "2301"]
[PlyCount "35"]
[EventDate "2011.??.??"]
[WhiteTeam "Sportfreunde Katernberg 1913 e.V"]
[BlackTeam "SC Hansa Dortmund e.V."]

1. c4 c6 2. Nf3 d5 3. e3 Nf6 4. Nc3 e6 5. d4 Nbd7 6. Qc2 Bd6 7. Bd2 O-O 8.
O-O-O c5 9. cxd5 exd5 10. Be1 c4 11. g4 b5 12. Nxb5 Nb6 13. Ne5 Nxg4 14. Bc3 f6
15. Nc6 Qd7 16. Nxd6 Qxd6 17. Na5 f5 18. Re1 1/2-1/2

[Event "8. LGA Premium Cup 2011"]
[Site "Nürnberg"]
[Date "2011.09.09"]
[Round "3.17"]
[White "Mons, Leon"]
[Black "Danin, Alexander"]
[Result "1-0"]
[WhiteElo "2325"]
[BlackElo "2542"]
[PlyCount "55"]
[EventDate "2011.??.??"]
[WhiteTeam "SC Forchheim e.V."]
[BlackTeam "SC Tornado Wuppertal 199"]

1. e4 c5 2. Nf3 d6 3. d4 Nf6 4. Nc3 cxd4 5. Nxd4 a6 6. Bg5 e6 7. f4 Be7 8. Qf3
h6 9. Bh4 Qc7 10. O-O-O Nbd7 11. Be2 b5 12. Bxf6 Nxf6 13. e5 Bb7 14. Qg3 dxe5
15. fxe5 Nd7 16. Nxe6 fxe6 17. Qg6+ Kd8 18. Qxe6 Re8 19. Kb1 Bg5 20. Qf7 Rxe5
21. Bg4 Re7 22. Qf8+ Re8 23. Qxg7 Bc6 24. h4 Be3 25. Bxd7 Bxd7 26. Nd5 Qd6 27.
Nxe3 Qe7 28. Qd4 1-0

[Event "8. LGA Premium Cup 2011"]
[Site "Nürnberg"]
[Date "2011.09.09"]
[Round "3.18"]
[White "Malakhatko, Vadim"]
[Black "Strunski, Andreas"]
[Result "1-0"]
[WhiteElo "2542"]
[BlackElo "2264"]
[PlyCount "63"]
[EventDate "2011.??.??"]
[WhiteTeam "SV Mülheim-Nord 1931 e"]
[BlackTeam "Stuttgarter SF 1879"]

1. d4 d5 2. c4 c6 3. Nc3 Nf6 4. e3 e6 5. Nf3 Nbd7 6. Bd3 Bd6 7. e4 dxe4 8. Nxe4
Nxe4 9. Bxe4 O-O 10. O-O Nf6 11. Bc2 h6 12. b3 b6 13. Bb2 Bb7 14. Qe2 Qe7 15.
Rad1 Rad8 16. Rd3 Rfe8 17. Ne5 c5 18. dxc5 Bxc5 19. Rg3 Ba3 20. Ba1 Bd6 21. Kh1
Kf8 22. f4 Bb4 23. Bd3 h5 24. a3 Rxd3 25. Nxd3 Bxa3 26. Qe5 h4 27. Rxg7 h3 28.
Qxf6 Qxf6 29. Bxf6 Be7 30. Bc3 Rd8 31. Rd1 Be4 32. Nf2 1-0